| Tag |
First Indicator |
Second Indicator |
Subfields |
| LEADER |
00000cam a2200000 4500 |
| 001 |
in00000778613 |
| 005 |
20151017061243.0 |
| 008 |
700422s1969 nyuac 00010 eng |
| 010 |
|
|
|a 77102684
|
| 035 |
|
|
|a (OCoLC)00067100
|
| 035 |
|
|
|9 ADM6134AM
|
| 040 |
|
|
|a DLC
|c DLC
|d TXA
|d UtOrBLW
|
| 049 |
|
|
|a TXAM
|c [A11894427]
|
| 050 |
0 |
0 |
|a HG2626.L6
|b E3
|
| 082 |
0 |
|
|a 332.3/2/0979494
|
| 100 |
1 |
|
|a Edgerton, J. Howard,
|d 1908-1999.
|
| 245 |
1 |
4 |
|a The story of California Federal Savings /
|c J. Howard Edgerton.
|
| 264 |
|
1 |
|a New York :
|b Newcomen Society in North America,
|c 1969.
|
| 300 |
|
|
|a 24 pages :
|b illustrations ;
|c 23 cm.
|
| 336 |
|
|
|a text
|b txt
|2 rdacontent
|
| 337 |
|
|
|a unmediated
|b n
|2 rdamedia
|
| 338 |
|
|
|a volume
|b nc
|2 rdacarrier
|
| 490 |
1 |
|
|a [Newcomen] address,
|v 1969
|
| 500 |
|
|
|a Delivered at the "1969 Southern California meeting" of the Newcomen Society, held in Los Angeles on Nov. 17, 1969.
|
| 610 |
2 |
0 |
|a California Federal Savings & Loan Association.
|
| 830 |
|
0 |
|a Newcomen address ;
|v 1969.
|
| 999 |
|
|
|a MARS
|
| 999 |
f |
f |
|s a5df16a3-9466-3240-bfc0-cf3c43e7f244
|i 1bf6550a-e8d2-3216-9cda-9e80c028d315
|t 0
|
| 952 |
f |
f |
|p noncirc
|a Texas A&M University
|b College Station
|c Cushing Memorial Library & Archives
|d Cushing: Kelsey Americana (Does not check out)
|t 0
|e HG2626.L6 E3
|f Vertical File
|h Library of Congress classification
|i unmediated -- volume
|
| 952 |
f |
f |
|p ric
|a Texas A&M University
|b Rellis Campus
|c Joint Library Facility
|d Remote Storage
|t 0
|e HG2626.L6 E3
|h Library of Congress classification
|i unmediated -- volume
|m A14811894427
|
| 998 |
f |
f |
|a HG2626.L6 E3
|t 0
|l Remote Storage
|
| 998 |
f |
f |
|a HG2626.L6 E3
|t 0
|l Cushing: Kelsey Americana (Does not check out)
|